000 00957cam a2200337 a 4500
999 _c113216
_d113216
003 BJBSDDR
005 20230411090140.0
007 ta
008 190912s1948 nyu | 000 1 eng
035 _a(OCoLC)ocm56890366
035 _a(OCoLC)56890366
_z(OCoLC)57352382
040 _aDLC
_cDLC
_bspa
041 _aeng
043 _afw-----
049 _aGRAL
050 1 4 _aPR 6013
_bG799h 1948
082 0 0 _a823/.912
100 1 _aGreene, Graham,
_d1904-1991
245 1 4 _aThe heart of the matter /
_cGraham Greene.
260 _aNew York :
_bViking Press,
_c1948.
300 _a306 pages ;
_c22 cm.
650 0 _aColonial administrators
_vFiction.
650 0 _aBritish
_zAfrica
_vFiction.
650 0 _aMarried people
_vFiction.
650 0 _aCatholics
_vFiction.
650 0 _aAdultery
_vFiction.
650 0 _aLiteratura inglesa
_9148
655 7 _aPsychological fiction.
_2lcsh
655 7 _aChristian fiction.
_2gsafd
942 _2lcc
_cBK